[Event "Ogolnopolski-ch 55th"]
[Site "Zamosc"]
[Date "2013.??.??"]
[Round "5.38"]
[White "Dulinski, Stanislaw"]
[Black "Osada, Kacper"]
[Result "0-1"]
[WhiteElo "1800"]
[BlackElo "1655"]
[PlyCount "51"]
[EventDate "2013.06.07"]
[EventType "swiss"]
[EventRounds "9"]
[EventCountry "POL"]
[SourceTitle "EXT 2014"]
[Source "ChessBase"]
[SourceDate "2013.11.20"]
[SourceVersion "1"]
[SourceVersionDate "2013.11.20"]
[SourceQuality "1"]

1. e4 c5 2. f4 d6 3. Nf3 Nc6 4. c3 a6 5. h3 Nf6 6. d3 h5 7. Be3 e6 8. Nbd2 b5 9. Be2 Bb7 10. 0-0 Be7 11. Nh2 Qc7 12. a4 Qd8 13. Ndf3 Qc7 14. Kh1 b4 15. c4 Rd8 16. b3 Ra8 17. Ra2 Rd8 18. Ng1 Ra8 19. f5 e5 20. Ngf3 Kd7 21. Bg5 Nh7 22. Bh4 Bxh4 23. Nxh4 Nf6 24. N4f3 Raf8 25. Qc1 Qd8 26. Bd1 0-1

[Event "Ogolnopolski-ch 55th"]
[Site "Zamosc"]
[Date "2013.??.??"]
[Round "4.26"]
[White "Mroz, Waldemar"]
[Black "Dulinski, Stanislaw"]
[Result "1-0"]
[WhiteElo "1853"]
[BlackElo "1800"]
[PlyCount "71"]
[EventDate "2013.06.07"]
[EventType "swiss"]
[EventRounds "9"]
[EventCountry "POL"]
[SourceTitle "EXT 2014"]
[Source "ChessBase"]
[SourceDate "2013.11.20"]
[SourceVersion "1"]
[SourceVersionDate "2013.11.20"]
[SourceQuality "1"]

1. e4 e5 2. Nf3 Nc6 3. Bb5 d6 4. Nc3 Nf6 5. d4 Bg4 6. dxe5 Bxf3 7. Qxf3 dxe5 8. 0-0 a6 9. Rd1 Bd6 10. Bxc6+ bxc6 11. Bg5 h6 12. Bh4 Qe7 13. Rd3 Qe6 14. h3 g5 15. Bg3 h5 16. h4 g4 17. Qe3 a5 18. b3 Nd7 19. Na4 0-0 20. Rad1 Qe7 21. c4 c5 22. Nc3 Nf6 23. Qg5+ Kh8 24. Nd5 Nxd5 25. Qxh5+ Kg7 26. Qxg4+ Kh7 27. Qf5+ Kg7 28. Rxd5 Rae8 29. R1d3 Qe6 30. Qg5+ Qg6 31. Bxe5+ Bxe5 32. Rxe5 f6 33. Rd7+ Rf7 34. Rxf7+ Kxf7 35. Qxg6+ Kxg6 36. Rxe8 1-0

[Event "Polanica Zdroj op-B 47th"]
[Site "Polanica Zdroj"]
[Date "2011.??.??"]
[Round "7"]
[White "Dulinski, Stanislaw"]
[Black "Olszewski, Jerzy"]
[Result "0-1"]
[WhiteElo "1831"]
[BlackElo "1885"]
[PlyCount "90"]
[EventDate "2011.08.18"]
[EventType "swiss"]
[EventRounds "9"]
[EventCountry "POL"]
[SourceTitle "CBM 144 Extra"]
[Source "ChessBase"]
[SourceDate "2011.10.28"]
[SourceVersion "1"]
[SourceVersionDate "2011.10.28"]
[SourceQuality "1"]

1. e4 e5 2. f4 exf4 3. Nf3 d6 4. Bc4 Be6 5. Be2 Bg4 6. 0-0 g6 7. d4 Nf6 8. Qd3 Qe7 9. Nbd2 Bg7 10. c3 0-0 11. h3 Bd7 12. d5 Re8 13. Ng5 h6 14. Ngf3 Nxe4 15. Rf2 Nxf2 16. Kxf2 Qe3+ 17. Kf1 Qxd3 18. Bxd3 g5 19. Nh2 Re3 20. Bc2 Re7 21. Ndf3 Be8 22. Bd2 Nd7 23. Rd1 Nf8 24. Ng4 Bd7 25. Nf2 Ng6 26. b3 a5 27. a3 b6 28. h4 g4 29. Bxg6 fxg6 30. Ne1 h5 31. c4 Bf6 32. Ned3 Bxh4 33. Nxf4 Bf5 34. b4 axb4 35. Bxb4 Bxf2 36. Kxf2 Re4 37. g3 h4 38. Ng2 h3 39. Nf4 Kf7 40. Rc1 Rae8 41. Kg1 g5 42. Nd3 Re3 43. Ne1 Rxg3+ 44. Kh2 Rge3 45. Kg1 Re2 0-1

[Event "POL-ch disabled"]
[Site "Rowy"]
[Date "2009.09.07"]
[Round "9.27"]
[White "Dulinski, Stanislaw"]
[Black "Borkowski, Jozef"]
[Result "0-1"]
[WhiteElo "1807"]
[BlackElo "1745"]
[PlyCount "54"]
[EventDate "2009.09.01"]
[EventType "swiss"]
[EventRounds "9"]
[EventCountry "POL"]
[SourceTitle "EXT 2023"]
[Source "ChessBase"]
[SourceDate "2022.10.05"]
[SourceVersion "1"]
[SourceVersionDate "2022.10.05"]
[SourceQuality "1"]

1. e4 e5 2. f4 Bc5 3. Nf3 d6 4. Bc4 Bg4 5. c3 Nf6 6. d3 0-0 7. a3 a5 8. Nbd2 c6 9. h3 Be6 10. f5 Bxc4 11. Nxc4 b5 12. Ne3 Qb6 13. Qe2 Nh5 14. Kf2 Nd7 15. Rd1 Qc7 16. g3 g6 17. Kg2 Ndf6 18. Ng4 Nxg4 19. hxg4 Nf6 20. g5 Ng4 21. d4 Ba7 22. Nh4 h5 23. fxg6 fxg6 24. Nxg6 Rf7 25. Nh4 Raf8 26. Nf5 Kh7 27. Rf1 Qd7 0-1

[Event "Polanica Zdroj op Seniors 44th"]
[Site "Polanica Zdroj"]
[Date "2008.08.23"]
[Round "5.12"]
[White "Jackowski, Ryszard"]
[Black "Dulinski, Stanislaw"]
[Result "1-0"]
[WhiteElo "1911"]
[BlackElo "1851"]
[PlyCount "99"]
[EventDate "2008.08.19"]
[EventType "swiss"]
[EventRounds "9"]
[EventCountry "POL"]
[SourceTitle "EXT 2023"]
[Source "ChessBase"]
[SourceDate "2022.10.05"]
[SourceVersion "1"]
[SourceVersionDate "2022.10.05"]
[SourceQuality "1"]

1. e4 e5 2. Nf3 Nf6 3. Nxe5 Qe7 4. Nf3 Nxe4 5. Be2 d5 6. d3 Nf6 7. 0-0 h6 8. Re1 Be6 9. Nc3 Nbd7 10. Nd4 0-0-0 11. Bf3 Nb6 12. a3 a6 13. Bf4 Qd7 14. Be5 Bd6 15. a4 Kb8 16. a5 Nc8 17. h3 Na7 18. Qd2 Bxe5 19. Rxe5 Nc6 20. Nxc6+ Qxc6 21. Ree1 Qd6 22. Qe2 Rhg8 23. Qe5 Qc6 24. Qd4 Rd6 25. Re5 Rgd8 26. Rb1 Nd7 27. Ree1 Nf6 28. b4 b5 29. axb6 Qxb6 30. Qf4 Qc6 31. Qd2 Qd7 32. b5 Ka7 33. bxa6 Rxa6 34. Nb5+ Ka8 35. c4 c6 36. Nd4 dxc4 37. Nxc6 Bd5 38. Nxd8 Bxf3 39. Qf4 Qxd8 40. Qxf3+ Qd5 41. Qg3 Qd6 42. Qxg7 cxd3 43. Qxf7 Rb6 44. Rxb6 Qxb6 45. Qf8+ Kb7 46. Qe7+ Kb8 47. Re6 Qb1+ 48. Kh2 d2 49. Qd6+ Ka8 50. Qxd2 1-0

[Event "IPCA Wch-B 8th"]
[Site "Wisla"]
[Date "2007.05.20"]
[Round "6"]
[White "Kuchyna, Stanislav"]
[Black "Dulinski, Stanislaw"]
[Result "1-0"]
[WhiteElo "1978"]
[BlackElo "1931"]
[PlyCount "63"]
[EventDate "2007.05.15"]
[EventType "swiss"]
[EventRounds "9"]
[EventCountry "POL"]
[SourceTitle "EXT 2011"]
[Source "ChessBase"]
[SourceDate "2010.11.26"]
[SourceVersion "1"]
[SourceVersionDate "2010.11.26"]
[SourceQuality "1"]

1. e4 e5 2. Nf3 Nf6 3. Nxe5 Qe7 4. Nf3 Nxe4 5. Be2 d5 6. d3 Nc5 7. 0-0 Nc6 8. d4 Ne4 9. Nc3 Nxc3 10. bxc3 Be6 11. Rb1 Nd8 12. Re1 c6 13. c4 Qd6 14. cxd5 Bxd5 15. c4 Bxf3 16. Bxf3+ Be7 17. Bg5 f6 18. Bh4 Kf7 19. c5 Qc7 20. Qb3+ Kf8 21. Bg3 Qd7 22. Rxe7 Kxe7 23. Bd6+ Qxd6 24. cxd6+ Kxd6 25. Re1 b5 26. Qb4+ Kc7 27. Re7+ Kb6 28. Qc5+ Ka6 29. d5 Ka5 30. Re3 Ka6 31. dxc6 Nxc6 32. Bxc6 1-0